Sociology of child development (Record no. 1337779)

MARC details
000 -LEADER
fixed length control field 00700nam a2200241Ia 4500
005 - DATE AND TIME OF LATEST TRANSACTION
control field 20250508152638.0
008 - FIXED-LENGTH DATA ELEMENTS--GENERAL INFORMATION
fixed length control field 008 250505s9999 xx 000 0 eng d
037 ## - SOURCE OF ACQUISITION
Stock number TextBook
040 ## - CATALOGING SOURCE
Original cataloging agency FEDL
Language of cataloging eng
Transcribing agency FEDL
041 ## - LANGUAGE CODE
Language code of text/sound track or separate title eng
Source of code eng
084 ## - COLON CLASSIFICATION NUMBER
Classification number 155.4, BOS
Assigning agency FEDL
100 ## - MAIN ENTRY--PERSONAL NAME
Personal name Bossard James H S
9 (RLIN) 134529
245 #0 - TITLE STATEMENT
Title Sociology of child development
250 ## - EDITION STATEMENT
Edition statement 3
260 ## - PUBLICATION, DISTRIBUTION, ETC.
Place of publication, distribution, etc. New York, USA
Name of publisher, distributor, etc. Harper and Brothers Publisher
Date of publication, distribution, etc. 1960
300 ## - PHYSICAL DESCRIPTION
Extent xiii,706p
365 ## - TRADE PRICE
Price type code INR
Price amount 44.63
490 ## - SERIES STATEMENT
Series statement Harper's Social Science
650 ## - SUBJECT ADDED ENTRY--TOPICAL TERM
Topical term or geographic name entry element Child Psychology; Personality
9 (RLIN) 759626
700 ## - ADDED ENTRY--PERSONAL NAME
Personal name Boll Eleanor Stoker
9 (RLIN) 762045
942 ## - ADDED ENTRY ELEMENTS (KOHA)
Koha item type Textbook
Classification part 155.4, BOS
Holdings
Withdrawn status Lost status Damaged status Not for loan Home library Current library Date acquired Cost, normal purchase price Total Checkouts Full call number Barcode Date last seen Price effective from Koha item type
        Department of Education Library Department of Education Library 2025-05-08 44.63   155.4, BOS EL0019926 2025-05-08 2025-05-08 Textbook
Copyright @ Delhi University Library System